Cultura y dictadura: censuras, proyectos e institucionalidad cultural en Chile, 1973-1989

Guardat en:
Dades bibliogràfiques
Autor principal: Donoso Fritz, Karen Esther (Autor)
Format: Llibre
Idioma:espanyol
Publicat: Santiago Ediciones UAH 2019
Edició:1a. ed
Matèries:
Etiquetes: Afegir etiqueta
Sense etiquetes, Sigues el primer a etiquetar aquest registre!

MARC

LEADER 00000cam a2200000 a 4500
001 UCC8048
003 CL-VaPUC
005 20241213123346.0
008 190524e20190000cl |||||||||||||||||spa|d
020 |a 9789563571745 
040 |c Pontificia Universidad Católica de Valparaíso 
082 0 4 |a 306.98306  |b DON  |2 21 
100 0 |a Donoso Fritz, Karen Esther  |e author  |9 602748 
245 1 0 |a Cultura y dictadura: censuras, proyectos e institucionalidad cultural en Chile, 1973-1989 
250 |a 1a. ed 
260 |a Santiago  |b Ediciones UAH  |c 2019 
300 |a 219 p 
583 |a last modification  |c 20190524 12:30:00  |k Rodrigo Vera 
650 0 |a Desarrollo cultural  |9 267526 
650 0 |a Arte chileno   |9 369871 
650 7 |a CENSURAS  |2 CL-VaPUC  |9 399660 
650 0 |a Dictadura militar  |9 389291 
942 |c BK 
945 |d 20190524 12:30:00  |a dcastane 
999 |c 374496  |d 374494 
952 |0 0  |1 0  |3 erb  |4 0  |6 306_983060000000000_DON_2019  |7 0  |8 A  |9 493053  |a BIBART  |b BIBART  |i 5550211  |l 1  |o 306.98306 DON 2019  |p 5550211  |r 2025-03-13  |s 2022-06-13  |w 2019-11-24  |y BK  |z Catalogado en:20190524  |k ART